Central Library OPAC University of Rajshahi

To be a scientist / (Record no. 66703)

MARC details
000 -LEADER
fixed length control field 00782nam a2200253 a 4500
001 - CONTROL NUMBER
control field 66703
003 - CONTROL NUMBER IDENTIFIER
rucl marc code BD-RjUL
005 - DATE AND TIME OF LATEST TRANSACTION
control field 20211209081553.0
008 - FIXED-LENGTH DATA ELEMENTS--GENERAL INFORMATION
fixed length control field 170319s1994 enka b 001 0 eng d
020 ## - INTERNATIONAL STANDARD BOOK NUMBER
International Standard Book Number 0198522908 :
035 ## - SYSTEM CONTROL NUMBER
System control number (BD-RjUL)66834
040 ## - CATALOGING SOURCE
Original cataloging agency BD-RjUL
Language of cataloging eng
Transcribing agency BD-RjUL
Modifying agency BD-RjUL
041 ## - LANGUAGE CODE
Language code of text/sound track or separate title eng
082 ## - DEWEY DECIMAL CLASSIFICATION NUMBER
Edition number 23
Classification number 502.3
Author mark and year BRT 1994
100 1# - MAIN ENTRY--PERSONAL NAME
Personal name Braben, Donald
9 (RLIN) 197461
245 10 - TITLE STATEMENT
Title To be a scientist /
Statement of responsibility, etc. Donald Braben
260 ## - PUBLICATION, DISTRIBUTION, ETC. (IMPRINT)
Place of publication, distribution, etc. Oxford :
Name of publisher, distributor, etc. Oxford University Press,
Date of publication, distribution, etc. 1994.
300 ## - PHYSICAL DESCRIPTION
Pagination xiii, 166 p. :
Illustrations ill. ;
Size 24 cm.
504 ## - BIBLIOGRAPHY, ETC. NOTE
Bibliography, etc Includes bibliography and index
650 #0 - SUBJECT ADDED ENTRY--TOPICAL TERM
Topical term or geographic name as entry element Research
General subdivision Vocational guidance
9 (RLIN) 197462
Topical term or geographic name as entry element Research
General subdivision Vocational guidance
Geographic subdivision Great Britain
9 (RLIN) 197463
Topical term or geographic name as entry element Science
General subdivision Vocational guidance
9 (RLIN) 197464
942 ## - ADDED ENTRY ELEMENTS (KOHA)
Source of classification or shelving scheme Dewey Decimal Classification
Koha item type Books
Holdings
Lost status Source of classification or shelving scheme Damaged status Not for loan Collection code Permanent Location Current Location Shelving location Date acquired Source of acquisition Cost, normal purchase price Total Checkouts Full call number Date last seen Copy number Koha item type
  Dewey Decimal Classification   Not For Loan Non-fiction Central Library, University of Rajshahi Central Library, University of Rajshahi Reading Room 09/12/2021 Ahnasi 558.00   502.3 BRT 1994 19/03/2017 C-1 Books